Learning Resource and Development

Recommendations toward successful agribusiness venture arrangement. (Record no. 31897)

MARC details
000 -LEADER
fixed length control field 01264nam a2200337 i 4500
003 - CONTROL NUMBER IDENTIFIER
control field CSPC
005 - DATE AND TIME OF LATEST TRANSACTION
control field 20260224143612.0
008 - FIXED-LENGTH DATA ELEMENTS--GENERAL INFORMATION
fixed length control field 260224c2019 ph r p i 00 0 eng d
022 ## - INTERNATIONAL STANDARD SERIAL NUMBER
International Standard Serial Number 1908-3297
022 ## - INTERNATIONAL STANDARD SERIAL NUMBER
International Standard Serial Number 2508-0830
040 ## - CATALOGING SOURCE
Original cataloging agency CSPC
Language of cataloging eng
Transcribing agency CSPC
Description conventions rda
245 00 - TITLE STATEMENT
Title Recommendations toward successful agribusiness venture arrangement.
264 #1 - PRODUCTION, PUBLICATION, DISTRIBUTION, MANUFACTURE, AND COPYRIGHT NOTICE
Place of production, publication, distribution, manufacture Quezon, City :
Name of producer, publisher, distributor, manufacturer Philippine Institute for Development Studies,
Date of production, publication, distribution, manufacture, or copyright notice 2019.
300 ## - PHYSICAL DESCRIPTION
Extent volumes :
Other physical details illustrations ;
Dimensions 23 cm.
336 ## - CONTENT TYPE
Source rdacontent
Content type term text
337 ## - MEDIA TYPE
Source rdamedia
Media type term unmediated
338 ## - CARRIER TYPE
Source rdacarrier
Carrier type term volumes
362 ## - DATES OF PUBLICATION AND/OR SEQUENTIAL DESIGNATION
Dates of publication and/or sequential designation Number 2
490 #1 - SERIES STATEMENT
Series statement Research paper series no. 2019-02.
504 ## - BIBLIOGRAPHY, ETC. NOTE
Bibliography, etc. note Includes bibliographical references
650 #4 - SUBJECT ADDED ENTRY--TOPICAL TERM
Topical term or geographic name entry element Agriculture
Form subdivision Economic aspects
General subdivision Periodicals.
Geographic subdivision Philippines
650 #4 - SUBJECT ADDED ENTRY--TOPICAL TERM
Topical term or geographic name entry element Business enterprises
Form subdivision Management
General subdivision Periodicals.
650 #4 - SUBJECT ADDED ENTRY--TOPICAL TERM
Topical term or geographic name entry element Joint ventures
General subdivision Periodicals.
650 #4 - SUBJECT ADDED ENTRY--TOPICAL TERM
Topical term or geographic name entry element Block farming
General subdivision Periodicals.
655 ## - INDEX TERM--GENRE/FORM
Genre/form data or focus term Periodicals.
700 1# - ADDED ENTRY--PERSONAL NAME
Personal name Pantoja, Blanquita R.,
Relator term editor.
700 1# - ADDED ENTRY--PERSONAL NAME
Personal name Alvarez, Joanne V.,
Relator term editor.
700 1# - ADDED ENTRY--PERSONAL NAME
Personal name Sanchez, Flordeliza A.,
Relator term editor.
942 ## - ADDED ENTRY ELEMENTS (KOHA)
Source of classification or shelving scheme Dewey Decimal Classification
Suppress in OPAC No
Koha item type Serials
Item part R245
Call number prefix SER
Call number suffix 2019
Classification part 338.1068
Holdings
Withdrawn status Lost status Source of classification or shelving scheme Damaged status Not for loan Home library Current library Shelving location Date acquired Serial Enumeration / chronology Total Checkouts Full call number Barcode Date last seen Copy number Price effective from Koha item type Public note
    Dewey Decimal Classification   Not For Loan Main Library Main Library Serials 02/24/2026 2019, Number 02   Ser EDUC 18 n.2 2019 01602S 02/24/2026 1-1 02/24/2026 Serials Journal - Government Publication